000
00337nam a2200133 a 4500
005
20140414131904.0
008
100923s19uu xx 00 eng d
050
_a
FIC
_b
R81 2003
100
_a
Roy, Ron
245
_a
The runaway racehorse.
260
_a
New York :
_b
Scholastic ,
_c
2003.
440
_a
A to Z mysteries
999
_c
110866
_d
110866